000
00289nam a2200133Ia 4500
100
_a
Adams.J.T
942
_c
BK
654
_a
Handbook
245
_a
Arco''''s Complete Wood Working Handbook
260
_b
Arco Pub.
_a
New York
_c
1981
082
_a
684
300
_a
698
546
_a
ENGLISH
999
_c
29975
_d
29975